Porovnateľná vybavenosť územia sa do roku 2010 nedosiahne

Súčasná hodnota stavebných fondov na Slovensku. Porada ekonomických ministrov Slovenska v auguste r. 2002 schválila materiál s názvom Strategické zámery a tendencie vývoja stavebníctva do roku 2005 s výhľadom do roku 2010. Štátny rozpočet nebude stačiť na pokrytie zámerov stavebníctva a preto sa maj...

Descrizione completa

Salvato in:
Dettagli Bibliografici
Autore principale: Zverková, Daniela
Natura: Capitolo di libro
Lingua:slovacco
Soggetti:
Tags: Aggiungi Tag
Nessun Tag, puoi essere il primo ad aggiungerne!!

MARC

LEADER 00000naa a2200000 4500
001 r046072
005 20230921114018.1
041 0 |a slo 
044 |a SK 
245 1 0 |a Porovnateľná vybavenosť územia sa do roku 2010 nedosiahne  |c Daniela Zverková 
520 |a Súčasná hodnota stavebných fondov na Slovensku. Porada ekonomických ministrov Slovenska v auguste r. 2002 schválila materiál s názvom Strategické zámery a tendencie vývoja stavebníctva do roku 2005 s výhľadom do roku 2010. Štátny rozpočet nebude stačiť na pokrytie zámerov stavebníctva a preto sa majú využívať zdroje z programov Phare, ISPA, SAPARD a iné. Nedostatok finančných prostriedkov na realizáciu vybavenosti územia. 
610 2 0 |a stavebníctvo 
610 2 0 |a fond výstavby 
610 2 0 |a financovanie 
610 2 0 |a Slovensko 
610 2 0 |a 2005 
610 2 0 |a 2010 
100 1 |a Zverková, Daniela